| 000 | 00469nam a2200145Ia 4500 | ||
|---|---|---|---|
| 008 | 220214s9999 xx 000 0 und d | ||
| 022 | _a0019-6339 | ||
| 245 | 0 | _aINDIAN SCIENCE ABSTRACTS | |
| 247 | _aBibliography of Scientific Publications of S India | ||
| 260 |
_bIndian National Scientific and Documentation Centre (INSDOC), New Delhi _aIndia |
||
| 310 | _aF | ||
| 500 | _aEnding Volume & Year: 24, 1988 | ||
| 500 | _aStarting Volume & Year: 1, 1965 | ||
| 942 | _cBJ | ||
| 999 |
_c15692 _d15692 |
||